| 000 | 00841nam a2200217Ii 4500 | ||
|---|---|---|---|
| 003 | JO-AjNU | ||
| 008 | 230605s9999||||xx |||||||||||||| ||und|| | ||
| 017 | _a22/0919 | ||
| 020 | _a9960-14-087-3 | ||
| 040 |
_aJO-AjNU _bara _erda _cJO-AjNU |
||
| 041 | _aara | ||
| 050 | 1 | 4 | _aKMT1050.I76 2002 |
| 100 | 3 |
_aتاليف إسماعيل، محمد حسين, _eauthor _946481 |
|
| 245 | 0 | 0 | _aالحماية القانونية لثبات رأس المال في شركات الأموال السعودية: دراسة مقارنة |
| 264 | 3 | 1 | _aالرياض: مركز البحوث معهد الادارة العامة، 2002 |
| 300 | _a255ص | ||
| 336 |
_atext _btxt _2rdacontent |
||
| 337 |
_aunmediated _bn _2rdamedia |
||
| 338 |
_avolume _bnc _2rdacarrier |
||
| 650 | 4 |
_aالسعودية - الشركات - قوانين وتشريعات _946482 |
|
| 999 |
_aA20224 _c23792 _d23792 |
||